00664 2200181 4500001002100000005001500021035002000036007000300056008004100059082000800100084001400108100005200122245015400174250002000328260006900348300003400417650003100451INLIS00000000113793220220119013110 a0010-0122003062ta220119 0 ind  a643 a643 DIN p0 aDinas Kesehatan Kabupaten Maluku Tenggara Barat1 aPedoman Pelaksanaan Rumah Tunggu Ibu Hamil Dengan Resiko Tinggi di Kabupaten Maluku Tenggara Barat /cDinas Kesehatan Kabupaten Maluku Tenggara Barat aCetakan Pertama aMaluku :bDinas Kesehatan Kabupaten Maluku Tenggara Barat,c2009 aiv + 17 halaman ;c17 x 25 cm 4aKesejahteraan Rumah Tangga